[Event "17th Biel Festival"]
[Site "Biel SUI"]
[Date "1984.07.31"]
[Round "9"]
[White "Cramling, Pia"]
[Black "Rogers, Ian"]
[Result "1-0"]
[WhiteElo "2405"]
[BlackElo "2455"]
[EventDate "1984.07.22"]
[PlyCount "92"]

1.e4 d5 2.exd5 Qxd5 3.Nc3 Qa5 4.d4 Nf6 5.Nf3 c6 6.Bc4 Bg4 7.h3 Bh5 8.g4 
Bg6 9.Bd2 e6 10.Ne5 Nbd7 11.Qe2 Bb4 12.a3 O-O-O 13.Nxg6 hxg6 14.O-O-O Bxc3
15.Bxc3 Qc7 16.Qf3 Nb6 17.Bb3 g5 18.Bd2 Rxd4 19.Bxg5 Rxd1+ 20.Rxd1 Nfd5 
21.c4 Qe5 22.Bd2 Nf6 23.Re1 Qh2 24.Rh1 Qc7 25.Bc3 Qe7 26.h4 Nfd7 27.h5 e5 
28.Re1 f6 29.Kb1 Nc5 30.Ba2 Ne6 31.Qf5 Re8 32.f4 Na4 33.Bd2 Qd7 34.Be3 
exf4 35.Bxf4 Nac5 36.Bg3 Rd8 37.b4 Nd4 38.Qxd7+ Nxd7 39.Re7 f5 40.g5 Rh8 
41.c5 Kd8 42.Rxg7 Ne2 43.Bd6 f4 44.h6 f3 45.Rf7 Nc3+ 46.Kb2 Ne4 1-0

[Event "17th Biel Festival"]
[Site "Biel SUI"]
[Date "1984.07.31"]
[Round "9"]
[White "Ftacnik, Lubomir"]
[Black "Zueger, Beat"]
[Result "0-1"]
[WhiteElo "2570"]
[BlackElo "2385"]
[EventDate "1984.07.22"]
[PlyCount "78"]

1.d4 Nf6 2.c4 g6 3.Nc3 Bg7 4.e4 d6 5.Be2 O-O 6.Nf3 Bg4 7.Be3 Nfd7 8.Rc1 e5
9.d5 f5 10.Ng5 f4 11.Bxg4 Qxg5 12.h4 Qe7 13.Bd2 Nc5 14.h5 gxh5 15.Be2 a5 
16.Rxh5 Nbd7 17.Qc2 Nf6 18.Rh3 Qf7 19.b3 Qg6 20.Bf3 h6 21.a3 Nh7 22.b4 
axb4 23.axb4 Na6 24.Rb1 Ng5 25.Bh5 Qh7 26.Rh1 c5 27.dxc6 bxc6 28.f3 Nc7 
29.b5 Nce6 30.bxc6 Nd4 31.Qd3 Nge6 32.Nd5 Bf6 33.Bb4 Ra2 34.Bxd6 Qa7 35.c5
Nxc5 36.Qc4 Bh4+ 37.Rxh4 Nxf3+ 38.Bxf3 Nd3+ 39.Qxd3 Qf2+ 0-1

[Event "17th Biel Festival"]
[Site "Biel SUI"]
[Date "1984.07.31"]
[Round "9"]
[White "Gobet, Fernand"]
[Black "Eslon, Jaan"]
[Result "1-0"]
[WhiteElo "2380"]
[BlackElo "2430"]
[EventDate "1984.07.22"]
[PlyCount "77"]

1.e4 e5 2.Nf3 Nc6 3.Bb5 a6 4.Bxc6 dxc6 5.O-O Qd6 6.d3 f6 7.Be3 Bg4 8.h3 
Be6 9.Nbd2 O-O-O 10.Qe2 c5 11.a3 Qd7 12.Rfb1 g5 13.b4 h5 14.bxc5 g4 15.Nh4
Ne7 16.Rb2 f5 17.exf5 Nxf5 18.Nxf5 Bxf5 19.h4 Be6 20.Rab1 Bd5 21.Nc4 Bxc4 
22.dxc4 Qc6 23.Rxb7 Qxb7 24.Rxb7 Kxb7 25.Qe1 Bh6 26.Bg5 Bxg5 27.hxg5 Rde8 
28.Qe4+ c6 29.Qd3 Rc8 30.Kh2 Rc7 31.Kg3 Rf8 32.Qd2 Rf4 33.g6 Rg7 34.Qd6 
Rf5 35.Kh4 e4 36.Qd8 Rc7 37.Qxc7+ Kxc7 38.g7 g3 39.g8=Q 1-0

[Event "17th Biel Festival"]
[Site "Biel SUI"]
[Date "1984.07.31"]
[Round "9"]
[White "Ostermeyer, Peter"]
[Black "Hort, Vlastimil"]
[Result "1/2-1/2"]
[WhiteElo "2460"]
[BlackElo "2615"]
[EventDate "1984.07.22"]
[PlyCount "77"]

1.d4 Nf6 2.c4 e6 3.Nf3 b6 4.a3 Bb7 5.Nc3 d5 6.cxd5 Nxd5 7.e3 Nd7 8.Bd3 c5 
9.O-O cxd4 10.Nxd5 Bxd5 11.Nxd4 Bc5 12.Qh5 a6 13.b4 Nf6 14.Qe2 Bxd4 15.
exd4 Bb7 16.Qe5 Qd5 17.Qxd5 Nxd5 18.Be4 Kd7 19.Bd2 Rhc8 20.Rfc1 Bc6 21.
Bxd5 Bxd5 22.Rxc8 Rxc8 23.Rc1 Bc4 24.Bf4 f6 25.h4 b5 26.f3 Kc6 27.Kf2 Kd5 
28.Be3 Ra8 29.g4 a5 30.bxa5 Rxa5 31.Rc3 Ra8 32.Kg3 Rh8 33.g5 fxg5 34.hxg5 
h5 35.gxh6 gxh6 36.Bf2 Rg8+ 37.Kh2 Rf8 38.Re3 Kc6 39.Kg3 1/2-1/2

[Event "17th Biel Festival"]
[Site "Biel SUI"]
[Date "1984.08.02"]
[Round "10"]
[White "Cramling, Pia"]
[Black "Gobet, Fernand"]
[Result "1-0"]
[WhiteElo "2405"]
[BlackElo "2380"]
[EventDate "1984.07.22"]
[PlyCount "83"]

1.e4 c5 2.Nf3 e6 3.Nc3 Nc6 4.d4 cxd4 5.Nxd4 Qc7 6.Be2 a6 7.O-O Nf6 8.Kh1 
Be7 9.f4 d6 10.Be3 O-O 11.Qe1 Nxd4 12.Bxd4 b5 13.a3 Bb7 14.Qg3 g6 15.f5 e5
16.Be3 d5 17.exd5 Nxd5 18.Nxd5 Bxd5 19.Bf3 Bxf3 20.Rxf3 Rad8 21.Raf1 Qc4 
22.Qxe5 Rfe8 23.fxg6 hxg6 24.Qf4 Bf8 25.Qxc4 bxc4 26.Bg5 Rd5 27.h4 f5 28.
g3 Re2 29.R3f2 Re4 30.Rf4 Bg7 31.Rxe4 fxe4 32.c3 Re5 33.Kg2 Bf8 34.Bf4 Rb5
35.Rf2 Bc5 36.Re2 Bb6 37.a4 Ra5 38.Rxe4 Rxa4 39.Re6 Ba5 40.Rxg6+ Kf7 41.
Rxa6 Ra2 42.Kh3 1-0

[Event "17th Biel Festival"]
[Site "Biel SUI"]
[Date "1984.08.02"]
[Round "10"]
[White "Lobron, Eric"]
[Black "Kortschnoj, Viktor"]
[Result "1-0"]
[WhiteElo "2520"]
[BlackElo "2635"]
[EventDate "1984.07.22"]
[PlyCount "81"]

1.Nf3 Nf6 2.d4 e6 3.Bg5 c5 4.e3 Qb6 5.Qc1 Ne4 6.Bh4 Nc6 7.Bd3 d5 8.c3 Bd7 
9.Nbd2 f5 10.Bg3 Nxg3 11.hxg3 g6 12.g4 Rc8 13.gxf5 gxf5 14.Be2 Be7 15.Nb3 
c4 16.Nbd2 Qc7 17.g3 b5 18.Nh4 O-O 19.a3 Rf7 20.Ng2 a5 21.Nf4 b4 22.axb4 
axb4 23.Kf1 Qb7 24.Nf3 Ra8 25.Kg2 bxc3 26.bxc3 Bf6 27.Rh6 Bg7 28.Rh1 Bf6 
29.Rh5 Rxa1 30.Qxa1 Na7 31.Qh1 Bc8 32.Ng5 Re7 33.Bf3 Nb5 34.Qa1 Bd7 35.Qa5
Be8 36.Ngxe6 Bxh5 37.Bxd5 Qa7 38.Qd8+ Be8 39.Nc7+ Kh8 40.Nxe8 Qd7 41.Qxd7 
1-0

[Event "17th Biel Festival"]
[Site "Biel SUI"]
[Date "1984.08.02"]
[Round "10"]
[White "Zueger, Beat"]
[Black "Ostermeyer, Peter"]
[Result "1/2-1/2"]
[WhiteElo "2385"]
[BlackElo "2460"]
[EventDate "1984.07.22"]
[PlyCount "85"]

1.c4 e5 2.Nc3 Nf6 3.Nf3 Nc6 4.g3 Bb4 5.Nd5 Nxd5 6.cxd5 Nd4 7.Nxd4 exd4 8.
Qc2 Qe7 9.Bg2 Ba5 10.b4 Bb6 11.a4 a5 12.b5 d6 13.Bb2 O-O 14.Qc4 Re8 15.Bf3
Qf6 16.O-O Bh3 17.Rfc1 Re7 18.Qd3 Rae8 19.Rc4 Bf5 20.Qb3 Bg6 21.Re1 h5 22.
h4 Kf8 23.Kg2 Be4 24.Bxe4 Rxe4 25.Qf3 Qg6 26.d3 Rxh4 27.e4 Rg4 28.Bxd4 
Bxd4 29.Rxd4 Re5 30.Rh1 Kg8 31.Rc4 f5 32.Rxc7 fxe4 33.dxe4 Qxe4 34.Qxe4 
Rgxe4 35.Rxb7 Rxd5 36.Ra7 Rxa4 37.b6 Rb4 38.b7 Kh7 39.Ra1 Kg6 40.R1xa5 
Rxa5 41.Rxa5 Rxb7 42.Rd5 Rb6 43.f4 1/2-1/2

[Event "17th Biel Festival"]
[Site "Biel SUI"]
[Date "1984.08.03"]
[Round "11"]
[White "Ftacnik, Lubomir"]
[Black "Lobron, Eric"]
[Result "1/2-1/2"]
[WhiteElo "2570"]
[BlackElo "2520"]
[EventDate "1984.07.22"]
[PlyCount "76"]

1.Nf3 e6 2.c4 Nf6 3.Nc3 d5 4.d4 Be7 5.Bg5 h6 6.Bh4 O-O 7.Rc1 b6 8.e3 Bb7 
9.Be2 Nbd7 10.cxd5 exd5 11.O-O c6 12.Qc2 Re8 13.Rfd1 Nf8 14.Bxf6 Bxf6 15.
b4 a6 16.a4 Ne6 17.Rb1 Rc8 18.a5 b5 19.Na2 Rc7 20.Nc1 Be7 21.Nd3 Bd6 22.
Rb3 Ng5 23.Nxg5 hxg5 24.g3 g6 25.Rc3 Kg7 26.Bf3 Qe7 27.Rc1 Bxb4 28.Nxb4 
Qxb4 29.Bxd5 Qxa5 30.Rc5 Rcc8 31.Bxc6 Bxc6 32.Rxc6 Rxc6 33.Qxc6 Re6 34.Qc2
Qd8 35.Qb2 Rb6 36.d5+ Kh7 37.Qd4 b4 38.Rc6 Rxc6 1/2-1/2

[Event "17th Biel Festival"]
[Site "Biel SUI"]
[Date "1984.08.03"]
[Round "11"]
[White "Gobet, Fernand"]
[Black "Rogers, Ian"]
[Result "0-1"]
[WhiteElo "2380"]
[BlackElo "2455"]
[EventDate "1984.07.22"]
[PlyCount "174"]

1.e4 e5 2.Nf3 Nc6 3.d4 exd4 4.Nxd4 g6 5.Nc3 Bg7 6.Be3 Nge7 7.Bc4 O-O 8.Bb3
Na5 9.Qd3 Nxb3 10.Nxb3 Nc6 11.O-O d6 12.f4 Re8 13.Nd4 Nb4 14.Qd2 d5 15.a3 
c5 16.axb4 cxd4 17.Bxd4 dxe4 18.Rad1 Bg4 19.Bxg7 Bxd1 20.Nd5 Kxg7 21.Rxd1 
f6 22.Qe3 Rc8 23.c3 b6 24.Rd2 Qd6 25.b3 Rcd8 26.c4 a5 27.b5 Qa3 28.Re2 Rd6
29.h3 a4 30.bxa4 Qxa4 31.Nxb6 Qd1+ 32.Re1 Qc2 33.Re2 Qb1+ 34.Re1 Rd1 35.
Rxd1 Qxd1+ 36.Kh2 Qd3 37.Nd5 Qxe3 38.Nxe3 Kf7 39.Kg1 Ke6 40.Kf2 Rd8 41.Ke2
Rd3 42.g4 Kd6 43.f5 gxf5 44.gxf5 Kc5 45.Nd5 Kd4 46.Nxf6 Rxh3 47.b6 Rh2+ 
48.Ke1 Rb2 49.Nd5 Rb1+ 50.Kf2 e3+ 51.Nxe3 Rxb6 52.Nd5 Rb8 53.Kf3 Ke5 54.f6
Rc8 55.Nb6 Rc7 56.Nd5 Rc8 57.Nb6 Rc7 58.Nd5 Ra7 59.Kg4 Ke6 60.Kg5 Ra1 61.
Nf4+ Kf7 62.c5 Ra6 63.Nd3 Rxf6 64.c6 Rg6+ 65.Kh5 Rg2 66.Nb4 Rg1 67.Nd3 Ke6
68.c7 Kd7 69.Nf2 Rg2 70.Ng4 Kxc7 71.Ne3 Rh2+ 72.Kg5 Kd8 73.Nf5 Ke8 74.Nd6+
Ke7 75.Nf5+ Ke6 76.Nd4+ Kf7 77.Nf5 Rg2+ 78.Kh4 Kf6 79.Ne3 Rh2+ 80.Kg3 Rh1 
81.Ng4+ Kg5 82.Nh2 Rg1+ 83.Kf2 Ra1 84.Kg3 Ra3+ 85.Nf3+ Kf5 86.Kg2 Kf4 87.
Ne1 Kg4 0-1

[Event "17th Biel Festival"]
[Site "Biel SUI"]
[Date "1984.08.03"]
[Round "11"]
[White "Kortschnoj, Viktor"]
[Black "Eslon, Jaan"]
[Result "1-0"]
[WhiteElo "2635"]
[BlackElo "2430"]
[EventDate "1984.07.22"]
[PlyCount "91"]

1.d4 e6 2.Nf3 Nf6 3.c4 d5 4.Nc3 Nbd7 5.cxd5 exd5 6.Bf4 c6 7.e3 Be7 8.Qc2 
O-O 9.Bd3 Re8 10.h3 Nf8 11.O-O-O Be6 12.Kb1 a5 13.Ng5 b5 14.Be5 h6 15.Nxe6
Nxe6 16.g4 a4 17.Bf5 Nd7 18.Ne2 Rc8 19.Bxe6 fxe6 20.Ng3 Bf6 21.f4 c5 22.
Nh5 cxd4 23.Qg6 Bxe5 24.fxe5 Qg5 25.Qxg5 hxg5 26.exd4 Nb6 27.h4 gxh4 28.
Rxh4 Rf8 29.Rdh1 Nc4 30.R4h2 Rf3 31.g5 Rcf8 32.g6 Rf1+ 33.Rxf1 Rxf1+ 34.
Kc2 b4 35.a3 bxa3 36.bxa3 Rf3 37.Rh1 Nxa3+ 38.Kd2 Nc4+ 39.Ke2 Rb3 40.Nf6+ 
gxf6 41.exf6 Rb8 42.Rh7 Nd6 43.Rg7+ Kh8 44.Rd7 Ra8 45.Rxd6 Kg8 46.Rd7 1-0

[Event "17th Biel Festival"]
[Site "Biel SUI"]
[Date "1984.08.03"]
[Round "11"]
[White "Ostermeyer, Peter"]
[Black "Huebner, Robert"]
[Result "1/2-1/2"]
[WhiteElo "2460"]
[BlackElo "2620"]
[EventDate "1984.07.22"]
[PlyCount "20"]

1.d4 d5 2.c4 dxc4 3.e3 e5 4.Bxc4 exd4 5.exd4 Nf6 6.Nf3 Be7 7.O-O O-O 8.Nc3
Nc6 9.h3 Bf5 10.Re1 Na5 1/2-1/2